000 00575nam a2200241 a 4500
001 nice12345678
003 IN_TiNIC
005 20260116011827.0
008 050524s1930 hyda grp 000 0 urd
020 _a
_c100
082 0 0 _a891.51
_bMAS
100 _aMasud Ali,
245 _aSafina-E-Shaikh Ali Hazeen
260 _aHyderabad
_bOsmania University
_c1930
300 _a102p
500 _aincludes index and biblioraphy
505 2 _aVols. 2 and 3
650 _aPersian Poetry
700 1 _aMasud Ali,
902 _bSRS
942 _cBK
999 _c4258
_d4258